Análisis comparativo entre subestaciones encapsuladas y convencionales

Guardat en:
Dades bibliogràfiques
Autor principal: Murillo Lizano, Alberto
Altres autors: Vargas Cordero, Efrén
Format: Llibre
Publicat: San José, C.R. 1996
Matèries:
Etiquetes: Afegir etiqueta
Sense etiquetes, Sigues el primer a etiquetar aquest registre!

MARC

LEADER 00000nam a2200000Ia 4500
001 3536
003 008048
005 20221231144237.0
008 140114s1996 cr a m 000 ||s d
040 |c cru CEDI 
100 |a Murillo Lizano, Alberto   |9 9804 
245 |a Análisis comparativo entre subestaciones encapsuladas y convencionales  
260 |c 1996  |a  San José, C.R. 
300 |a  xiii, 115 hojas : ilustraciones  
500 |a Proyecto de graduación (bachillerato en ingeniería eléctrica)--Universidad de Costa Rica. Facultad de Ingeniería. Escuela de Ingeniería Eléctrica 
650 |x TRANSFORMADORES ELECTRICOS   |x CONDUCTORES ELECTRICOS   |x ELECTRICIDAD - DISPOSITIVOS DE DISTRIBUCION  |9 9805 
700 |a Vargas Cordero, Efrén  |9 8709 
942 |c TFG  |2 ddc 
999 |c 18972  |d 18972